| 000 | 00368nam a22001577a 4500 | ||
|---|---|---|---|
| 003 | OSt | ||
| 008 | 220613b ||||| |||| 00| 0 eng d | ||
| 020 | _a8131725820 | ||
| 082 | _a005.133 DAI | ||
| 100 | _aLIANG,Y. Daniel | ||
| 245 | _aIntroduction to Java Programming | ||
| 250 | _a10th | ||
| 260 |
_aNew Delhi _bPearson _c2021 |
||
| 300 | _a1342 | ||
| 942 |
_2ddc _cBK |
||
| 999 |
_c11331 _d11331 |
||